Expres do Rotterdamu je vyťažený

Bibliographic Details
Main Author: Čikovský, Miloš (Author)
Format: Article
Language:Slovak
ISSN:1210-0978
Subjects:

MARC

LEADER 00000nab a2200000 a 4500
001 vtls000654736
003 SK-MaSNL
005 20260304085251.0
008 250425c1997 xo 0 slo
015 |a SNBRA1998/03-07419 
035 |a CLN000006929 
035 |a urn:nbn:sk:snk-ab31rm 
035 |a (urnnbn)urn:nbn:sk:snk:ar-a04mik 
035 |a (uuid)8ef23334-b43d-4b8d-a6b2-62cd4178cd2e 
040 |a SNKBUCL  |b slo  |c SNKBUCL  |e AACR2 
041 0 |a slo 
044 |a xo  |c SK 
080 |a 656.223.2(437.6:492)  |2 1997 
100 1 |a Čikovský, Miloš  |4 aut  |9 6169 
245 1 0 |a Expres do Rotterdamu je vyťažený  |c Miloš Čikovský 
650 0 7 |a nákladné vlaky  |2 snkbucl  |9 239080 
651 7 |a Čierna nad Tisou (Slovensko)  |2 snkbucl  |9 30739 
651 7 |a Rotterdam (Holandsko)  |2 snkbucl  |9 60238 
655 7 |a články z novín a časopisov  |2 snkbucl  |9 267496 
773 0 |t Horizonty dopravy  |g Roč. 5, č. 4 (1997), s. 30  |x 1210-0978 
850 |a Slovenská národná knižnica 
852 |a Slovenská národná knižnica 
954 |a odborná, vedecká literatúra pôvodná (slovenská)  |2 lita 
958 |a article27 
958 |a OND 
958 |a SK 
958 |a EUIPO 
992 |a RBX 
999 |c 2807239  |d 2809169